Advanced usability testing of automotive user interfaces

Gespeichert in:
Bibliographische Detailangaben
1. Verfasser: Junas, Róbert (Verfasst von)
Weitere Verfasser: Laco, Miroslav (Betreuung Doktorarbeit)
Format: Manuskript Buch
Sprache:Slowakisch
Englisch
Veröffentlicht: 2025
Schlagworte:
Online-Zugang:http://is.stuba.sk/zp/portal_zp.pl?podrobnosti=183669
Tags: Tag hinzufügen
Keine Tags, Fügen Sie das erste Tag hinzu!

MARC

LEADER 00000ntm a22000003a 4500
001 stuzp105826
003 SK-STU
005 20250607211737.5
007 ta
008 150427s2015----xo-----f-mn---000-0-slo-d
040 |a STU  |b slo 
041 0 |a eng 
100 1 |a Junas, Róbert  |u 070400  |4 aut  |U FIIT Fakulta informatiky a informačných technológií  |T FIIT Ústav počítačového inžinierstva a aplikovanej informatiky  |X 102970  |U I400  |Y 672  |7 102970 
242 0 1 |a Pokročilé testovanie použiteľnosti používateľských rozhraní v automobilovom priemysle  |y slo 
245 1 0 |a Advanced usability testing of automotive user interfaces 
260 |c 2025 
650 4 |a automotive  |2 eng 
650 4 |a usability  |2 eng 
650 4 |a infotainments  |2 eng 
650 4 |a usability testing  |2 eng 
650 4 |a eye-tracking  |2 eng 
650 4 |a user experience  |2 eng 
650 4 |a používateľská skúsenosť  |2 slo 
650 4 |a informačno-zábavne systémy  |2 slo 
650 4 |a sledovanie zraku  |2 slo 
650 4 |a testovanie použiteľnosti  |2 slo 
650 4 |a automobilita  |2 slo 
650 4 |a použiteľnosť  |2 slo 
700 1 |a Laco, Miroslav  |u 070400  |k Z1  |4 ths  |U FIIT Fakulta informatiky a informačných technológií  |T FIIT Ústav počítačového inžinierstva a aplikovanej informatiky  |X 72202  |U I400  |Y 672  |7 72202 
856 4 |u http://is.stuba.sk/zp/portal_zp.pl?podrobnosti=183669